| 000 | 00716nam a2200205 a 4500 | ||
|---|---|---|---|
| 001 | 000035303 | ||
| 005 | 20200930074237.0 | ||
| 008 | 111027s2005 es 000 0 spa d | ||
| 020 | _a8497643550 | ||
| 040 |
_aDO-SdBNP _bspa _cBNPHU |
||
| 100 | 1 |
_aNietzsche, Friedrich _944431 |
|
| 240 | 1 | 0 | _aJenseits von gut und bose |
| 245 | 1 | 0 |
_aMás allá del bien y del mal / _cFriedrich Nietzsche ; traductor Francisco Javier Carretero Moreno. |
| 260 |
_aMadrid : _bEdimat Libros, _c2005. |
||
| 300 |
_a253 p. ; _c18 cm. |
||
| 490 | 1 |
_aClásicos de la literatura _afilosofía ensayo |
|
| 700 | 1 | 2 |
_aCarretero Moreno, Francisco Javier _961072 |
| 830 | 0 |
_aClásicos de la literatura _pfilosofía ensayo _961073 |
|
| 049 | _aBNPD | ||
| 999 |
_c34794 _d34794 |
||